|
|
|
|
| LEADER |
01584cas a2200241 a 4500 |
| 001 |
AALejournalIMF009185 |
| 008 |
230101c9999 xx r poo 0 0eng d |
| 020 |
|
|
|c 5.00 USD
|
| 020 |
|
|
|z 9781451975307
|
| 022 |
|
|
|a 1934-7685
|
| 040 |
|
|
|a BD-DhAAL
|c BD-DhAAL
|
| 110 |
2 |
|
|a International Monetary Fund.
|
| 245 |
1 |
0 |
|a Russian Federation :
|b Selected Issues.
|
| 264 |
|
1 |
|a Washington, D.C. :
|b International Monetary Fund,
|c 2006.
|
| 300 |
|
|
|a 1 online resource (88 pages)
|
| 490 |
1 |
|
|a IMF Staff Country Reports
|
| 500 |
|
|
|a <strong>Off-Campus Access:</strong> No User ID or Password Required
|
| 500 |
|
|
|a <strong>On-Campus Access:</strong> No User ID or Password Required
|
| 506 |
|
|
|a Electronic access restricted to authorized BRAC University faculty, staff and students
|
| 520 |
3 |
|
|a Russia's large oil and gas reserves play a key role in its economic development. As with many other large oil exporters, Russia's energy wealth is also posing numerous challenges to macroeconomic management. Although fiscal policy has saved a large part of the oil windfall in the Oil Stabilization Fund (OSF), this has not been guided by a consistent long-term framework. The framework is illustrated with numerical simulations of different fiscal spending rules that are consistent with sustainable paths of consumption out of oil and gas wealth over time.
|
| 538 |
|
|
|a Mode of access: Internet
|
| 830 |
|
0 |
|a IMF Staff Country Reports; Country Report ;
|v No. 2006/430
|
| 856 |
4 |
0 |
|z Full text available on IMF
|u http://elibrary.imf.org/view/journals/002/2006/430/002.2006.issue-430-en.xml
|z IMF e-Library
|